00755cam a22002291 450000100060000000300080000600500170001400800410003103500190007204000320009104100080012308200220013110000290015324500870018225000180026926000380028730000210032549000260034665000620037265000520043465100390048619916BD-RjUL20211209000509.0140226s1962 nyu 000 0 eng d a(BD-RjUL)19977 aDLCcDLCdDLCdBD-RjULbeng aeng00a810.904bHOT 19621 aHoffman, Frederick John.14aThe twenties : American writing in the postwar decade /c Frederick John. Hoffman, aNew, rev. ed. aNew York :bCollier Books,cc1962 a516 p. ;c18 cm.0 aCollier books,vBS106 0aAmerican literaturey20th centuryxHistory and criticism. 0aWorld War, 1914-1918zUnited StatesxInfluence. 0aUnited StatesxHistoryy1919-1933.